| 000 | 00355nam a22001337a 4500 | ||
|---|---|---|---|
| 020 | _qHB. | ||
| 040 | _cFIZZA ISHAQ | ||
| 082 |
_a003.83 _bGER |
||
| 100 |
_aSCHMID,MATTHIAS TUTZ GERHARD. _990916 |
||
| 245 |
_aMODELING DISCRETE TIME TO EVENT DATA / _cGERHARD TUTZ MATTHIAS SCHMID. |
||
| 260 |
_aSPRINGER ; _c2016. |
||
| 300 | _a247 P. ; | ||
| 942 |
_2ddc _cBK |
||
| 999 |
_c589104 _d589104 |
||